000
00344nam a2200145Ia 4500
008
150301s2014 xx 000 0 und d
082
_a
614.024
_b
C14R
100
_a
REES, P. JOHN
245
_a
100 CASES : CLINICAL MEDICINE
250
_a
3RD
260
_b
CRE PRESS
_c
2014
300
_a
202
650
_a
GENERAL MEDICINE
942
_2
ddc
_c
BK
_0
7
999
_c
6683
_d
6683